Teaching of english / (Record no. 37736)
[ view plain ]
| 000 -LEADER | |
|---|---|
| fixed length control field | 00732nam a22002057a 4500 |
| 005 - DATE AND TIME OF LATEST TRANSACTION | |
| control field | 2010072607257.0 |
| 010 ## - LCCN (DPL NO) | |
| LC control number | ENG-97047 |
| 020 ## - INTERNATIONAL STANDARD BOOK NUMBER | |
| International Standard Book Number | 9788190765015 |
| Terms of availability | 200.00 |
| 035 ## - SYSTEM CONTROL NUMBER | |
| System control number | EN-80580 |
| 037 ## - SOURCE OF ACQUISITION | |
| Source of stock number/acquisition | DBAD/PUB |
| 082 ## - DEWEY DECIMAL CLASSIFICATION NUMBER | |
| Classification number | 480.7 |
| 100 ## - MAIN ENTRY--PERSONAL NAME | |
| Personal name | Arulselvi, Evangelin |
| 245 ## - TITLE STATEMENT | |
| Title | Teaching of english / |
| Statement of responsibility, etc | by Evangelin Arulselvi |
| 250 ## - EDITION STATEMENT | |
| Edition statement | 2nd ed. |
| 260 ## - PUBLICATION, DISTRIBUTION, ETC. (IMPRINT) | |
| Place of publication, distribution, etc | Chennai |
| Name of publisher, distributor, etc | Saratha Pathippagam |
| Date of publication, distribution, etc | 2008 |
| 270 ## - ADDRESS | |
| Address | G4-Shanti Apartments, No.3, Sri Krishnapuram Street, Rouapettah |
| City | Chennai |
| Postal code | 600014 |
| 300 ## - PHYSICAL DESCRIPTION | |
| Extent | 551p. |
| Dimensions | 22cm. (pbk) |
| 942 ## - ADDED ENTRY ELEMENTS (KOHA) | |
| Source of classification or shelving scheme | Dewey Decimal Classification |
| Item type | English Books |
| Classification part | 480.7 |
| Call number suffix | ARU |
| Withdrawn status | Lost status | Not for loan | Collection code | Home library | Current library | Date acquired | Source of acquisition | Cost, normal purchase price | Full call number | Barcode | Copy number | Cost, replacement price | Koha item type |
|---|---|---|---|---|---|---|---|---|---|---|---|---|---|
| Not For Loan | Non-fiction | D.B.Act.Division | D.B.Act.Division | 26/07/2010 | DBAD/PUB | 200.00 | 480.7 ARU | EN-80580 | 1 | 200.00 | English Books |
